Κατάλογος Βιβλιοθηκών Mediterranean College

Στατιστικά Στοιχεία 5 / Ενεργειακοί Πίνακες Εισροών - Εκροών της Ελληνικής Οικονομίας Ετών 1980 και 1985 (Record no. 1876)

MARC details
000 -LEADER
fixed length control field 01427cam a22002054a 4500
005 - ΗΜΕΡΟΜΗΝΙΑ ΚΑΙ ΩΡΑ ΤΕΛΕΥΤΑΙΑΣ ΕΝΗΜΕΡΩΣΗΣ
Πεδίο ελέγχου 20250605164022.0
008 - FIXED-LENGTH DATA ELEMENTS--GENERAL INFORMATION
Πεδίο ελέγχου σταθερού μήκους 250528s ||||||||||||||||||||||||d
035 ## - SYSTEM CONTROL NUMBER
System control number 16367
020 ## - ISBN
ISBN 9603410101
040 ## - ΠΗΓΗ ΚΑΤΑΛΟΓΟΓΡΑΦΗΣΗΣ
Φορέας πρωτότυπης καταλογογράφησης MC Athens Campus Library
Γλώσσα καταλογογράφησης Ελληνικά, Μοντέρνα (1453-)
Modifying agency MC Athens Campus Library
Κανόνες περιγραφικής καταλογογράφησης AACR2
245 1# - ΤΙΤΛΟΣ ΚΑΙ ΔΗΛΩΣΗ ΥΠΕΥΘΥΝΟΤΗΤΑΣ
Τίτλος Στατιστικά Στοιχεία 5 / Ενεργειακοί Πίνακες Εισροών - Εκροών της Ελληνικής Οικονομίας Ετών 1980 και 1985
260 ## - PUBLICATION, DISTRIBUTION, ETC.
Name of publisher, distributor, etc. Κέντρο Προγραμματισμού Και Οικονομικών Ερευνών,
Date of publication, distribution, etc. 1994
300 ## - PHYSICAL DESCRIPTION
Extent 120
520 ## - SUMMARY, ETC.
Summary, etc. Εισαγωγή, Χαρακτηριστικά Ενεργειακών Πινάκων Εισροών - Εκροών, Ενεργειακός Πίνακας Εισροών - Εκροών Έτους 1980, Ενεργειακός Υποπίνακας Εισροών - Εκροών, Μη Ενεργειακός Υποπίνακας Εισροών - Εκροών, Ενεργειακός Πίνακας Εισροών - Εκροών Έτους 1985, Ενεργειακός Υποπίνακας Εισροών - Εκροών, Μη Ενεργειακός Υποπίνακας Εισροών - Εκροών, Παράρτημα Πινάκων, Βιβλιογραφία.
700 1# - ΠΡΟΣΘΕΤΗ ΑΝΑΓΡΑΦΗ--ΦΥΣΙΚΟ ΠΡΟΣΩΠΟ
Personal name Λίβας Πέτρος Χ
9 (RLIN) 2461
700 1# - ΠΡΟΣΘΕΤΗ ΑΝΑΓΡΑΦΗ--ΦΥΣΙΚΟ ΠΡΟΣΩΠΟ
Personal name Χονδρονικόλας Κωνσταντίνος Γ
9 (RLIN) 2462
942 ## - ADDED ENTRY ELEMENTS (KOHA)
Koha item type Books
Holdings
Τύπος τεκμηρίου Βιβλιοθήκη Τρέχουσα τοποθεσία Barcode Αριθμός εισαγωγής Ημερομηνία απόκτησης Ταξιθετικό σύμβολο Αριθμός αντιτύπου Κατάσταση απόσυρσης Κατάσταση χαμένου Κατάσταση κατεστραμμένου Μη δανεισμός Σύνολο δανεισμών Ημερομηνία τελευταίας εμφάνισης Η τιμή ισχύει από
Books MC Athens Campus Library MC Athens Campus Library 9780000018755 4065 05/06/2025 339.26 LIV 1           05/06/2025 05/06/2025

MC Athens Campus Library
Πατησίων 94 & Κοδριγκτώνος 13, 104 34
Πελλήνης 8 & Πατησίων 107, 112 51
Τ: +30 210 8899600

MC Thessaloniki Campus Library
Ίωνος Δραγούμη 21, 54625 | Ίωνος Δραγούμη 15, 54625
Τ: +30 2310 287779 – Τ: +30 2314 440300